[Event "Kurnosov Memorial Rapid 2019"]
[Site "Chelyabinsk"]
[Date "2019.09.07"]
[Round "7.7"]
[White "Yakovich, Yuri"]
[Black "Matsenko, Andrei"]
[Result "1-0"]
[WhiteElo "2518"]
[BlackElo "2323"]
[Annotator "TA"]
[PlyCount "91"]
[EventDate "2019.09.06"]
[EventType "swiss"]
[EventCountry "RUS"]
[SourceTitle "playchess.com"]
[Source "ChessBase"]
[SourceQuality "1"]

{[%evp 21,91,78,72,76,63,55,79,46,41,17,48,3,8,0,13,0,169,160,161,158,143,146,134,155,296,288,285,281,296,296,283,282,282,284,255,263,267,212,249,143,128,127,135,121,175,179,273,256,310,209,238,242,224,229,252,247,406,431,435,435,416,366,467,457,435,404,445,391,433,431,502,413]} 1. d4 Nf6 2. c4 d6 3. Nc3 Nbd7 4. e4 e5 5. Nf3 c6 6. Be2 g6 7. O-O Bg7 8. Be3 O-O 9. d5 c5 10. Ne1 Ne8 11. g4 f5 12. gxf5 {E94: King's Indian: Classical: 6 Be2 e5 7 0-0: Various Black 7th moves} gxf5 13. exf5 Ndf6 14. Kh1 {White is better.} Bxf5 15. Rg1 Kh8 {[#]} 16. Nf3 $146 ({Predecessor:} 16. Qd2 Ne4 17. Nxe4 Bxe4+ 18. f3 Bf5 19. Bd3 Qd7 20. Bxf5 Qxf5 {½-½ (128) Smirnov,A (2569)-Henriquez Villagra,C (2504) chess.com INT 2019}) 16... Ne4 17. Ng5 Nxc3 18. bxc3 e4 $2 (18... Qf6 $11 {and Black is okay.}) 19. Bg4 $18 Qf6 20. Bxf5 Qxf5 21. Ne6 Rg8 22. Rg5 $36 {[%mdl 2048] White is on the roll.} Qh3 (22... Qf7 $16) 23. Rh5 Qf3+ 24. Qxf3 exf3 {[#]} 25. Ng5 $1 {[%csl Gg5][%cal Rh5h7][%mdl 512]} h6 26. Nf7+ (26. Nxf3 $6 Nf6 $16) 26... Kh7 {intending ...Kg6.} 27. Nxh6 ({Stronger than} 27. Bxh6 Kg6 $17) 27... Nf6 28. Rh3 {Rg1 would kill now.} ({Not} 28. Nxg8+ Nxh5 29. Ne7 Bxc3 $14) 28... Bxh6 29. Rxh6+ ({Resist} 29. Bxh6 $6 Rg4 $16) 29... Kg7 30. Rg1+ ({Better is} 30. Rh3 $18) 30... Kf7 $16 31. Rh3 {Hoping for Bg5.} Rxg1+ 32. Kxg1 {[%mdl 4096] Endgame KRB-KRN} Rg8+ (32... a6 $16 33. Rxf3 Kg6) 33. Kf1 $18 Ng4 (33... b5 {was called for.} 34. cxb5 Nxd5) 34. Rxf3+ Ke7 35. Rh3 Rg7 36. Ke2 Ne5 37. Rh4 a5 38. Re4 {[#] And now f4 would win.} Kd7 $2 (38... Kf6 {was necessary.} 39. Bf4 Rg1 40. Bxe5+ dxe5) 39. Bf4 Nf7 40. Bg3 Ng5 41. Re3 a4 42. h4 Nf7 43. Re6 Rg4 44. Kd3 a3 45. Re1 Nh6 46. Bxd6 {Accuracy: White = 73%, Black = 33%.} 1-0

[Event "Kurnosov Memorial Rapid 2019"]
[Site "Chelyabinsk"]
[Date "2019.09.07"]
[Round "7.8"]
[White "Urazayev, Arystanbek"]
[Black "Kokarev, Dmitry"]
[Result "1/2-1/2"]
[WhiteElo "2442"]
[BlackElo "2601"]
[Annotator "TA"]
[PlyCount "107"]
[EventDate "2019.09.06"]
[EventType "swiss"]
[EventCountry "RUS"]
[SourceTitle "playchess.com"]
[Source "ChessBase"]
[SourceQuality "1"]

{[%evp 9,107,7,14,6,14,2,5,-16,-25,-38,-10,-31,-16,-43,-4,-8,0,0,6,0,0,0,15,0,0,0,5,6,45,47,36,38,46,34,68,42,63,47,51,17,47,-2,49,0,32,0,65,75,68,60,90,83,85,90,86,92,118,114,113,114,112,62,59,62,80,69,104,38,138,133,212,112,124,102,96,67,82,68,68,50,99,70,72,77,80,90,92,67,52,25,25,25,25,21,24,0,0,0,30,0]} 1. e4 c5 2. Nf3 d6 3. d4 cxd4 4. Qxd4 Nf6 5. Bb5+ Bd7 6. c4 {B53: Sicilian: 2...d6: Lines with Qxd4} g6 7. Nc3 Bg7 8. h3 {The position is equal.} O-O 9. Qd3 a6 10. Bxd7 Nfxd7 (10... Nbxd7 {with more complications.} 11. Be3 Qc7 12. Rc1 Rfc8 13. b3 Nc5) 11. O-O Nc6 (11... Nc5 $5 {[%cal Rc5d3]} 12. Qc2 Bxc3 13. Qxc3 Nxe4 $11) 12. Bd2 Nc5 $146 ({Predecessor:} 12... Rc8) 13. Qe2 e6 14. Rac1 Qc7 15. Rfd1 Rac8 16. Bf4 Rfd8 17. b3 Rd7 18. Qe3 Rcd8 19. Bh6 Bxh6 20. Qxh6 f6 21. Rc2 Qa5 22. Qe3 b5 23. cxb5 axb5 24. Ne2 {[%cal Bc3e2,Be2d4,Bd4c6][%mdl 32]} b4 25. Nfd4 Nxd4 (25... Ne7 $11) 26. Nxd4 Qa6 27. Rcd2 d5 (27... e5 $11 28. Ne2 Qc6) 28. e5 $14 Ne4 29. Rc2 $1 fxe5 30. Nc6 {[%mdl 64] Double Attack} Nc3 31. Nxd8 Nxd1 32. Qxe5 Nc3 ({And not} 32... Rxd8 33. Rc7 Qf1+ 34. Kxf1 Ne3+ 35. Qxe3 h5 36. Qxe6+ Kh8 37. Qf6+ Kg8 38. Qxd8#) 33. Nxe6 Qd6 {[#]} 34. Qxd6 $1 Rxd6 $16 {[%mdl 4096] Endgame KRN-KRN} 35. Nd4 Ra6 36. f4 h5 37. Kf2 Kf7 38. Kf3 (38. Ke3 $16) 38... Nxa2 ({Black should play} 38... Rxa2 $14 39. Rxa2 Nxa2) 39. Rc7+ Kf6 {[#]} (39... Ke8 $16 40. g4 hxg4+ 41. hxg4 Nc3) 40. Rb7 (40. Rh7 $1 $18 {Threatens to win with g4.} Ra3 41. g4 hxg4+ 42. hxg4) 40... g5 41. fxg5+ Kxg5 42. h4+ Kf6 43. Kf4 Nc1 44. Ke3 Na2 45. Rh7 {Rh6+ is the strong threat.} Kg6 46. Rd7 Nc3 47. Rb7 Ra2 48. Rb6+ Kf7 49. Rxb4 Rxg2 50. Rb7+ Kf6 51. Rb6+ Kf7 52. Rb7+ Kf6 53. Rb6+ Kf7 $1 54. Rb7+ {Accuracy: White = 46%, Black = 38%.} 1/2-1/2

[Event "Kurnosov Memorial Rapid 2019"]
[Site "Chelyabinsk"]
[Date "2019.09.07"]
[Round "7.9"]
[White "Guseva, Marina"]
[Black "Bareev, Evgeny"]
[Result "0-1"]
[WhiteElo "2295"]
[BlackElo "2643"]
[Annotator "TA"]
[PlyCount "68"]
[EventDate "2019.09.06"]
[EventType "swiss"]
[EventCountry "RUS"]
[SourceTitle "playchess.com"]
[Source "ChessBase"]
[SourceQuality "1"]

{[%evp 18,110,15,10,18,13,22,0,15,6,28,17,24,23,40,8,25,20,33,8,54,0,40,36,43,47,52,20,62,29,35,22,22,0,0,0,0,-71,0,-30,-52,-106,-104,-106,-100,-104,-93,-85,-57,-145,-50,-152,-117,-156,-93,-147,-126,-192,-178,-351,-332,-453,-295,-321,-325,-297,-320,-382,-383,-481,-353,-429,-433,-1342,-316,-311,-286,-299,-291,-287,-212,-379,-370,-338,-245,-610,-585,-4134,-1015,-1883,-1883,-1260,-1231,-29975,-29950]} 1. d4 d5 2. c4 c6 3. Nc3 Nf6 4. e3 e6 5. Nf3 Nbd7 6. Bd3 dxc4 7. Bxc4 b5 8. Bd3 Bd6 9. O-O O-O 10. b3 Qe7 {D47: Semi-Slav: Meran System} 11. Bb2 Bb7 12. a4 a6 {The position is equal.} 13. Qe2 $146 ({Predecessor:} 13. h3 e5 14. Ng5 Bb4 15. Qc2 g6 16. dxe5 Nxe5 17. Be2 Rad8 18. Rad1 bxa4 19. Nxa4 {½-½ (35) Vallejo Pons,F (2708)-Bogdanovich,S (2581) Moscow 2015}) 13... Rfe8 14. Ne4 Nxe4 15. Bxe4 Nf6 16. Bd3 Nd5 17. Rfc1 h6 18. Nd2 f5 19. g3 (19. axb5 cxb5 20. Qh5 Rac8 $11) (19. Qh5 $14) 19... Bb4 20. Nf3 Nf6 21. Ne5 Rac8 22. Qf1 Red8 23. Be2 Ne4 24. Nd3 c5 25. Nxb4 cxb4 26. axb5 axb5 27. Qe1 (27. f3 $11 Qg5 28. f4) 27... Qd6 (27... Rxc1 $17 28. Rxc1 (28. Bxc1 Rc8 $15) 28... Ra8) 28. Bf3 ({Of course not} 28. Bxb5 Ng5 $17) (28. f3 $5 {[%cal Rf3e4]} Qd5 29. Qxb4 $11) 28... Bd5 29. Bg2 (29. Be2 $15) 29... Bxb3 $17 30. f3 Nf6 31. e4 fxe4 32. fxe4 {Hoping for e5.} Nd7 33. Qe3 (33. Rxc8 $15 Rxc8 34. d5) 33... Bc4 (33... Rxc1+ $17 34. Qxc1 e5) 34. Rd1 (34. d5 $15) 34... Nc5 {Played: Qd6-b6} 0-1

[Event "Kurnosov Memorial Rapid 2019"]
[Site "Chelyabinsk"]
[Date "2019.09.07"]
[Round "7.10"]
[White "Bryushinin, Alexander"]
[Black "Bocharov, Dmitry"]
[Result "0-1"]
[WhiteElo "2169"]
[BlackElo "2519"]
[Annotator "TA"]
[PlyCount "58"]
[EventDate "2019.09.06"]
[EventType "swiss"]
[EventCountry "RUS"]
[SourceTitle "playchess.com"]
[Source "ChessBase"]
[SourceQuality "1"]

{[%evp 11,58,26,25,9,9,2,11,0,33,12,0,0,13,0,26,33,69,58,131,135,127,-22,0,-85,-96,-80,-68,-66,-64,-71,-72,-62,-58,-111,-91,-97,-91,-343,-341,-520,-525,-872,-874,-1054,-1064,-1517,-1437,-1883,-1831]} 1. d4 Nf6 2. c4 e6 3. Nf3 b6 4. g3 Ba6 5. Qc2 Bb7 ({Predecessor:} 5... c5 6. d5 exd5 7. cxd5 Bb7 {½-½ (66) Livaic,L (2372)-Petrov,M (2267) Porto Carras 2015}) 6. Bg2 c5 7. d5 {E15: Queen's Indian: 4 g3 sidelines, 4 g3 Ba6 and 4 g3 Bb7 early deviations} exd5 8. cxd5 Nxd5 9. O-O {Strongly threatening Ng5.The position is equal.} Be7 10. Rd1 {[%mdl 1024] White has compensation.} Nc6 11. Qa4 $146 ({But not} 11. Rxd5 Nb4 $19) (11. a3 Nc7 12. Bf4 Ne6 13. e3 O-O 14. Nc3 Nxf4 15. exf4 {1-0 (31) Matlakov,M (2692)-Fier,A (2551) Sharjah 2019}) 11... Nf6 12. Nh4 O-O 13. Nf5 Re8 14. Nc3 Bf8 (14... Qc8 $14) 15. Bg5 $16 h6 {[#]} 16. Bf4 (16. Nxh6+ $1 $16 {[%mdl 512]} gxh6 17. Bxf6 {[%mdl 64] Overworked Piece} Qxf6 18. Rxd7) 16... a6 17. Nd6 (17. Bd6 $1 $11) 17... Bxd6 $1 $17 18. Bxd6 Qc8 $36 {[%mdl 2048] Black is pushing.} 19. Qb3 Nd4 20. Qxb6 {[%mdl 64] Double Attack} Nxe2+ 21. Nxe2 Bxg2 22. Nf4 (22. Nc3 $15 Bf3 23. Rd3) 22... Bc6 23. Qxc5 {[#]} Ne4 $1 {[%cal Re4c5]} 24. Qf5 $2 {[%mdl 8192]} (24. Qb6 $17) 24... Qb7 $19 25. h4 (25. b4 $142 Ng5 26. Qa5) 25... Qxb2 {Black is clearly winning.} 26. Nh5 Nxd6 27. Qg4 Ne4 28. Rf1 Nd2 29. Rfc1 Nf3+ {Accuracy: White = 18%, Black = 68%.} 0-1

[Event "Kurnosov Memorial Rapid 2019"]
[Site "Chelyabinsk"]
[Date "2019.09.07"]
[Round "8.1"]
[White "Lobanov, Sergei"]
[Black "Movsesian, Sergei"]
[Result "1/2-1/2"]
[WhiteElo "2515"]
[BlackElo "2654"]
[Annotator "TA"]
[PlyCount "43"]
[EventDate "2019.09.06"]
[EventType "swiss"]
[EventCountry "RUS"]
[SourceTitle "playchess.com"]
[Source "ChessBase"]
[SourceQuality "1"]

{[%evp 10,43,32,31,52,32,65,29,25,27,20,25,22,20,37,37,54,54,45,0,80,55,43,31,39,8,8,0,8,8,10,0,14,0,0,0]} 1. e4 c5 2. Nf3 e6 3. d4 cxd4 4. Nxd4 Nc6 5. Nc3 a6 6. g3 h5 $146 {B46: Sicilian: Taimanov: 5 Nc3 a6} (6... d6 7. Bg2 Bd7 8. O-O Nf6 9. Nce2 b5 10. a4 b4 11. b3 Rc8 12. Re1 Be7 13. Nxc6 Bxc6 14. Nd4 Ba8 15. Qd3 Qa5 16. Bb2 O-O 17. e5 dxe5 18. Bxa8 Rxa8 {0-1 (68) Aronian,L (2765)-Alekseev,E (2639) St Petersburg 2018}) 7. Bg2 h4 8. O-O Qc7 {White has an edge.} 9. Re1 d6 10. Nxc6 bxc6 11. Na4 hxg3 12. hxg3 e5 13. c4 Nf6 14. Be3 c5 (14... Rb8 $11 {keeps the balance.}) 15. Nc3 Be7 16. Bg5 Be6 17. Bxf6 Bxf6 {The position is equal.} 18. Nd5 Bxd5 19. Qxd5 Rb8 20. b3 Be7 21. Rad1 Qb7 22. Qd3 {Accuracy: White = 39%, Black = 48%.} 1/2-1/2

[Event "Kurnosov Memorial Rapid 2019"]
[Site "Chelyabinsk"]
[Date "2019.09.07"]
[Round "8.2"]
[White "Bareev, Evgeny"]
[Black "Yakovich, Yuri"]
[Result "1-0"]
[WhiteElo "2643"]
[BlackElo "2518"]
[Annotator "TA"]
[PlyCount "53"]
[EventDate "2019.09.06"]
[EventType "swiss"]
[EventCountry "RUS"]
[SourceTitle "playchess.com"]
[Source "ChessBase"]
[SourceQuality "1"]

{[%evp 9,53,-30,-30,-50,-45,-79,-62,-52,-75,-79,-37,-48,-28,-28,-35,-37,-41,-23,-29,-41,-44,-93,-5,-17,0,0,16,14,32,37,40,44,39,39,37,27,62,62,70,49,65,41,446,420,443,449]} 1. c4 e6 2. Nf3 d5 3. g3 dxc4 4. Bg2 a6 5. a4 Nc6 6. O-O {A13: English Opening: 1...e6} e5 7. Na3 Be6 $146 ({Predecessor:} 7... e4 8. Ne1 Nf6 9. Nxc4 h5 10. h4 Bc5 11. d3 Be6 12. Be3 {½-½ (56) Bacrot,E (2695)-Admiraal,M (2441) chess.com INT 2017}) 8. Qc2 {Black is slightly better.} Bxa3 9. bxa3 Nge7 10. Rb1 Rb8 11. Ng5 Bd5 12. e4 Nd4 13. Qa2 Bc6 {[#] Hoping for ...f6.} 14. Qxc4 O-O 15. d3 h6 ({Better is} 15... Nc8 $17 {...Nb6 is the strong threat.} 16. Qb4 Nb6) 16. Nf3 $11 Nxf3+ 17. Bxf3 Nf5 18. Bb2 Nd4 19. Bxd4 Qxd4 20. Qxd4 exd4 21. Rb4 f5 22. Rc1 Rbd8 23. Kg2 a5 24. Rbc4 Rd7 25. Rxc6 fxe4 $2 {[%mdl 8192] [#]} (25... bxc6 $14 26. exf5 Re7) 26. Bg4 $18 Rdf7 27. R6c2 {Accuracy: White = 62%, Black = 44%.} 1-0

[Event "Kurnosov Memorial Rapid 2019"]
[Site "Chelyabinsk"]
[Date "2019.09.07"]
[Round "8.3"]
[White "Ponkratov, Pavel"]
[Black "Gutenev, Alexander"]
[Result "1/2-1/2"]
[WhiteElo "2644"]
[BlackElo "2516"]
[Annotator "TA"]
[PlyCount "111"]
[EventDate "2019.09.06"]
[EventType "swiss"]
[EventCountry "RUS"]
[SourceTitle "playchess.com"]
[Source "ChessBase"]
[SourceQuality "1"]

{[%evp 16,111,7,0,0,-23,0,0,12,0,21,-8,-9,-75,0,-27,-23,-14,0,0,0,6,0,0,35,0,0,0,0,0,0,0,0,0,0,6,10,0,0,0,0,0,41,0,0,0,0,0,0,0,0,0,0,0,0,0,0,0,0,0,0,0,0,-3,0,0,0,0,0,0,0,-14,-9,-23,-12,-20,-4,-12,-12,-25,-8,-2,0,0,0,-51,0,0,0,-59,0,0,0,-27,-18,-84,0,0]} 1. e4 c5 2. Nf3 Nc6 3. Bb5 g6 4. O-O Bg7 5. c3 Nf6 6. Re1 O-O 7. d4 d5 8. e5 Ne4 9. h3 Qb6 {B31: Sicilian: 2...Nc6 3 Bb5 g6} 10. Ba4 cxd4 11. cxd4 Bf5 12. Nc3 Rfd8 13. g4 $146 ({Predecessor:} 13. Bb3 Nxc3 14. bxc3 Rac8 15. Qe2 Na5 16. Ba3 {½-½ (27) Rilberg,S (2373)-Kevicky,M (2308) ICCF email 2009}) 13... Be6 14. Bc2 {[#]} (14. Re3 $11) 14... Rac8 (14... Nxe5 $1 $17 {[%mdl 512]} 15. Nxe4 (15. dxe5 Qxf2+) 15... Nxf3+ 16. Qxf3 dxe4 17. Bxe4 Bxd4) 15. Re3 f6 {[%cal Rf6e5]} 16. Bb3 {aiming for exf6.} Na5 17. Nxe4 dxe4 18. Bxe6+ Qxe6 19. Rxe4 fxe5 (19... Nc6 {seems wilder.} 20. Qe2 Qd5 21. b3 Rf8 22. exf6 Rxf6 23. Bf4 Rcf8) 20. Qe2 Qc4 {[%cal Re5d4]} 21. Nxe5 Qxe2 22. Rxe2 Bxe5 23. Rxe5 {[%mdl 64] Double Attack} Nc6 24. Re4 Rxd4 25. Re1 Rc4 {With the idea ...Nd4.} 26. Bh6 Rc2 27. b4 Kf7 28. Re4 Rd8 29. Rae1 {Threatens to win with b5.} (29. Rf4+ {is more complex.} Kg8 30. Re1 e5 31. Rf6 Nxb4 32. Rxe5 Rc7 33. Re4) 29... Rd4 30. b5 {Strongly threatening R4e3.} Rxe4 31. Rxe4 $11 {[%mdl 4096] Endgame KRB-KRN} Nd8 32. a4 Ne6 33. Be3 Nc5 34. Rf4+ Ke8 35. g5 b6 36. Rh4 Ne6 37. a5 Rb2 38. axb6 axb6 39. Re4 Nc5 40. Rh4 Rxb5 41. Rxh7 Ne6 42. Rh4 Kf7 43. Rg4 Ng7 44. Rc4 Nf5 45. Bf4 Rb3 46. Kh2 b5 47. Rc5 b4 48. Rb5 Rb2 49. Kg2 b3 50. Rb7 (50. Rb6 $11) 50... Nh4+ 51. Kg3 Nf5+ 52. Kg2 Rb1 (52... Ke6 $1 $15) 53. Be5 Ke6 54. Bc3 Nd6 55. Rb6 {[#]} (55. Rb4 $11) 55... Kf7 (55... Kd5 $1 $17 56. Bb4 Nf5) 56. h4 {Accuracy: White = 58%, Black = 58%.} 1/2-1/2

[Event "Kurnosov Memorial Rapid 2019"]
[Site "Chelyabinsk"]
[Date "2019.09.07"]
[Round "8.4"]
[White "Bocharov, Dmitry"]
[Black "Belyakov, Bogdan"]
[Result "1-0"]
[WhiteElo "2519"]
[BlackElo "2495"]
[Annotator "TA"]
[PlyCount "161"]
[EventDate "2019.09.06"]
[EventType "swiss"]
[EventCountry "RUS"]
[SourceTitle "playchess.com"]
[Source "ChessBase"]
[SourceQuality "1"]

{[%evp 17,161,33,35,35,39,41,36,10,39,41,59,59,85,83,70,81,86,82,95,90,139,132,163,136,181,165,163,176,165,168,172,179,175,175,177,174,167,139,147,156,129,0,0,-169,57,72,106,7,4,5,6,14,118,92,126,7,19,12,20,14,48,62,55,-268,25,0,0,0,42,0,8,9,9,0,163,149,200,96,239,239,239,229,170,76,66,61,61,0,120,116,102,32,39,35,221,212,210,200,210,199,180,162,172,149,29953,29955,29954,29953,29953,29955,12802,12461,29963,29962,29962,29963,29963,29963,29962,29964,29963,29965,29964,29967,29973,29973,29974,29973,29972,29974,29976,29977,29977,29979,29979,29979,29979,29977,29979,29978,29978,29979,29979,29980,29983,29984]} 1. Nf3 Nf6 2. c4 g6 3. g3 Bg7 4. Bg2 O-O 5. O-O d6 6. Nc3 Nc6 7. d4 a6 8. d5 Na5 9. b3 c5 10. dxc6 {E63: King's Indian: Fianchetto: Panno Variation with 7...a6} Nxc6 {next ...Ne4! is good for Black.} 11. Bg5 (11. Bb2 Rb8 12. Rc1 Bd7 13. Qd2 b5 14. Nd5 Ne4 15. Qc2 Bxb2 16. Qxb2 b4 17. Ne1 Nc5 18. Nd3 Nxd3 19. exd3 {1-0 (40) Gelfand,B (2743)-Kasimdzhanov,R (2691) Tashkent 2016}) 11... h6 12. Bd2 {White is slightly better.} Rb8 13. Rc1 Bd7 14. Nd5 e6 $146 ({Predecessor:} 14... Kh7 15. Bc3 Ne8 16. Bxg7 Kxg7 17. Qd2 {1-0 (28) Kunte,A (2485)-Clarke,M (2113) Sydney 2019}) 15. Nxf6+ Qxf6 16. Be3 e5 17. Qd2 g5 18. Rfd1 g4 19. Ne1 Nd4 20. Nc2 Nf5 21. Bb6 d5 22. Qxd5 Bc6 23. Qa5 Bxg2 24. Kxg2 h5 25. Ne3 Nxe3+ 26. Bxe3 h4 27. Qd5 h3+ 28. Kg1 Qg6 29. c5 (29. f3 $1 $16) 29... Rfd8 $1 $11 {[%cal Rd8d5]} 30. Qh1 $2 (30. Qc4 $1 $11) 30... Qc2 $2 (30... e4 $19 31. Re1 Rbc8) 31. Re1 $1 $14 Qf5 32. f3 (32. Rc4 $16) 32... e4 $1 $11 {[%cal Re4f3]} 33. fxg4 Qxg4 {Threatens to win with ...Bd4.} 34. Rc4 f5 (34... Qxe2 $11 {keeps the balance.} 35. Rxe2 Rd1+ 36. Kf2 Rxh1) 35. Kf2 $1 $16 Be5 36. Qf1 (36. Rd1 $16) 36... Rf8 37. Qg1 Rbd8 38. Rd1 Kh7 (38... Bxg3+ $5 39. hxg3 h2 $11) 39. Rxd8 Rxd8 40. Rc1 $2 {[%mdl 8192]} (40. Ke1 $1 $14 {keeps the upper hand.}) 40... Rf8 $2 ({Black should try} 40... Rg8 $1 $19 {Strongly threatening ...f4.} 41. c6 f4 42. gxf4 Qh4+ 43. Qg3 Rxg3 44. hxg3 Qf6) 41. Ke1 f4 $1 {[%cal Rf4g3]} 42. gxf4 Rxf4 43. Kd2 Qxg1 44. Rxg1 $11 {[%mdl 4096] Endgame KRB-KRB} Rh4 $1 45. Bf2 Rf4 $2 (45... Rh5 $1 $11 {and Black is okay.}) 46. Ke3 $1 $18 Rf5 (46... Rf8 $16) 47. Bg3 (47. Kxe4 $18 Rxf2 {[%mdl 64] Double Attack} 48. Kxe5) 47... Bxg3 (47... Rg5 $16) 48. Rxg3 Rxc5 49. Rxh3+ $16 {KR-KR} Kg6 {And now ...Rc3+ would win.} 50. Kd2 (50. Kxe4 $18 {is more deadly.} Rc2 51. a4) 50... Rd5+ 51. Kc3 Rc5+ 52. Kd2 (52. Kb2 $14) 52... Ra5 (52... Rd5+ $1 $11 53. Ke3 Rd1) 53. a4 $1 b5 {[#]} 54. axb5 (54. Rg3+ $1 $16 Kf6 55. axb5) 54... Rxb5 $14 55. Kc3 a5 $2 (55... Rb8 $14) 56. Rh4 $18 Rb4 {[#]} 57. Rf4 $1 Kg5 58. e3 Kg6 59. h4 Kh5 60. Rf5+ Kxh4 $2 {[%mdl 8192]} (60... Kg4 $16 61. Rf4+ (61. Rxa5 Rb7 $16) 61... Kh5 62. Rf5+ Kg4 63. Rf4+ (63. Rxa5 Rb6 $16) 63... Kh5) 61. Rxa5 Rb8 62. Re5 Rc8+ 63. Kb2 Kg4 64. Rxe4+ Kf3 65. Re5 {White mates.} Rb8 66. Kc3 Rc8+ 67. Kd4 Rb8 68. Kc4 Rc8+ 69. Rc5 Rb8 70. b4 {[%cal Bb3b4,Bb4b5,Bb5b6][%mdl 32]} Kxe3 71. b5 Ke4 72. Rh5 Rc8+ 73. Kb4 Kd4 74. b6 Rc1 75. Kb5 Rb1+ 76. Ka6 Ra1+ 77. Kb7 Rb1 78. Ka7 Ra1+ 79. Kb8 Rb1 80. b7 Rb2 81. Kc7 {Accuracy: White = 55%, Black = 39%.} 1-0

[Event "Kurnosov Memorial Rapid 2019"]
[Site "Chelyabinsk"]
[Date "2019.09.07"]
[Round "8.5"]
[White "Matveev, Vladimir"]
[Black "Shaposhnikov, Evgeny"]
[Result "0-1"]
[WhiteElo "2372"]
[BlackElo "2572"]
[Annotator "TA"]
[PlyCount "56"]
[EventDate "2019.09.06"]
[EventType "swiss"]
[EventCountry "RUS"]
[SourceTitle "playchess.com"]
[Source "ChessBase"]
[SourceQuality "1"]

{[%evp 18,56,18,7,16,0,10,0,0,0,0,0,0,-198,-205,-197,-206,-216,-229,-222,-222,-287,-289,-283,-290,-287,-242,-263,-220,-220,-225,-226,-217,-249,-241,-318,-324,-481,-476,-502,-492]} 1. d4 Nf6 2. c4 e6 3. Nf3 b6 4. g3 Bb4+ 5. Bd2 c5 6. Bg2 Bb7 7. O-O O-O 8. Bxb4 cxb4 9. a3 bxa3 10. Rxa3 a5 {E16: Queen's Indian: 4 g3 Bb7 5 Bg2 Bb4+} 11. Nc3 Na6 12. Nd2 $146 ({Predecessor:} 12. d5 Rc8 13. Ne5 exd5 14. Nxd5 Nxd5 15. Bxd5 Bxd5 16. Qxd5 Rc5 17. Qd6 Qb8 18. Qxb8 Nxb8 19. Nf3 Rxc4 20. Rb3 {½-½ (67) Xu,Y (2527)-Bu,X (2698) Shenzhen 2016}) 12... Bxg2 {The position is equal.} 13. Kxg2 d5 14. e3 dxc4 15. Nxc4 $2 {[#]} (15. Qa4 $11) 15... b5 $1 $19 {[%mdl 512]} 16. Nxa5 {[#]} (16. Nxb5 Qd5+) 16... b4 $1 {[%csl LRa3,LRc3][%cal Rb4a3][%mdl 64] Double Attack} 17. Ra1 bxc3 18. bxc3 Nb8 19. Nb3 Rxa1 20. Nxa1 Qd5+ 21. Qf3 Rc8 22. Rc1 Nbd7 23. Qxd5 exd5 24. f3 Nb6 25. Rb1 Na4 ({Inferior is} 25... Rxc3 26. Rxb6 Rxe3 27. Kf2 $14) 26. Rb4 Nxc3 27. Kf2 (27. Rb3 $142) 27... g5 28. g4 Ra8 {Accuracy: White = 26%, Black = 84%.} 0-1

[Event "Kurnosov Memorial Rapid 2019"]
[Site "Chelyabinsk"]
[Date "2019.09.07"]
[Round "8.6"]
[White "Volkov, Sergey"]
[Black "Shariyazdanov, Andrey"]
[Result "1-0"]
[WhiteElo "2557"]
[BlackElo "2477"]
[Annotator "ChessBase"]
[PlyCount "79"]
[EventDate "2019.09.06"]
[EventType "swiss"]
[EventCountry "RUS"]
[SourceTitle "playchess.com"]
[Source "ChessBase"]
[SourceQuality "1"]
[TimeControl "900+10"]

1. d4 {[%emt 0:00:00]} g6 {[%emt 0:00:00]} 2. e4 {[%emt 0:00:00]} Bg7 {[%emt 0:00:00]} 3. c4 {[%emt 0:00:00]} d6 {[%emt 0:00:00]} 4. Nc3 {[%emt 0:00:01]} e5 {[%emt 0:00:00]} 5. d5 {[%emt 0:00:01]} a5 {[%emt 0:00:01]} 6. Bd3 {[%emt 0:00:09]} Nd7 {[%emt 0:00:08]} 7. h4 {[%emt 0:00:12]} Ngf6 {[%emt 0:00:13]} 8. Bc2 {[%emt 0:00:19]} Nc5 {[%emt 0:00:04]} 9. Be3 {[%emt 0:00:32]} Bd7 {[%emt 0:03:38]} 10. Qe2 {[%emt 0:01:18]} O-O {[%emt 0:00:35]} 11. O-O-O {[%emt 0:00:25]} a4 {[%emt 0:00:37]} 12. Kb1 {[%emt 0:00:03]} Qb8 {[%emt 0:01:46]} 13. h5 {[%emt 0:00:54]} Nxh5 {[%emt 0:00:05]} 14. Rxh5 {[%emt 0:00:02]} gxh5 {[%emt 0:00:01]} 15. Qxh5 {[%emt 0:00:03]} b5 {[%emt 0:01:20]} 16. cxb5 {[%emt 0:00:18]} Qe8 {[%emt 0:02:14]} 17. Nf3 {[%emt 0:00:26]} f5 {[%emt 0:00:05]} 18. Qh2 {[%emt 0:00:33]} f4 {[%emt 0:00:26]} 19. Bxc5 {[%emt 0:00:10]} dxc5 {[%emt 0:00:00]} 20. Bxa4 {[%emt 0:00:14]} Rf6 {[%emt 0:00:33]} 21. Bb3 {[%emt 0:00:12]} Rh6 {[%emt 0:00:25]} 22. Qg1 {[%emt 0:00:02]} Bxb5 {[%emt 0:00:13]} 23. Nxb5 {[%emt 0:02:05]} Qxb5 {[%emt 0:00:01]} 24. d6+ {[%emt 0:00:02]} c4 {[%emt 0:00:04]} 25. Qf1 {[%emt 0:00:06]} Kf8 {[%emt 0:00:51]} 26. Bxc4 {[%emt 0:00:10]} Qc5 {[%emt 0:00:22]} 27. Rd5 {[%emt 0:00:11]} Qb6 {[%emt 0:00:15]} 28. d7 {[%emt 0:02:59]} Rd8 {[%emt 0:00:24]} 29. a4 {[%emt 0:00:25]} Rd6 {[%emt 0:01:02]} 30. a5 {[%emt 0:00:02]} Qa7 {[%emt 0:00:17]} 31. Rxd6 cxd6 {[%emt 0:00:01]} 32. a6 {[%emt 0:01:44]} Rxd7 {[%emt 0:00:12]} 33. Qd3 {[%emt 0:00:31]} Ke7 {[%emt 0:02:00]} 34. Qd5 {[%emt 0:00:31]} Kd8 {[%emt 0:00:04]} 35. Bb5 {[%emt 0:00:13]} Re7 {[%emt 0:00:57]} 36. Qxd6+ {[%emt 0:00:13]} Kc8 {[%emt 0:00:01]} 37. Nh4 {[%emt 0:01:05]} Qxf2 {[%emt 0:01:45]} 38. Qxe7 Qe1+ {[%emt 0:00:27]} 39. Kc2 {[%emt 0:01:16]} Qf2+ {[%emt 0:00:06]} 40. Kb3 {[%emt 0:00:21]} 1-0